Les invasions barbares : scénario /
Guión cinematográfico del décimo cuarto largometraje dirigido por el cineasta quebequense Denys Arcand, conocido en México como Mis últimos días: invasiones bárbaras (2003) y que supone un reencuentro con el grupo de personajes protagonistas de su novena película larga, La decadencia del imperio ame...
محفوظ في:
| المؤلف الرئيسي: | |
|---|---|
| التنسيق: | كتاب |
| اللغة: | الفرنسية |
| منشور في: |
Montreal, Canadá :
Boréal,
2003, c2003
|
| الموضوعات: | |
| الوسوم: |
لا توجد وسوم, كن أول من يضع وسما على هذه التسجيلة!
|
MARC
| LEADER | 00000nam^a2200000^a^4500 | ||
|---|---|---|---|
| 001 | 000162112 | ||
| 005 | 20250521000000.0 | ||
| 009 | 20260310100822.577 | ||
| 020 | |a 2-7646-0244-8 | ||
| 037 | |a Acervo ITESO - Biblioteca | ||
| 041 | |a FRA | ||
| 082 | |a 302. 2350971 |b ARC | ||
| 100 | |a Arcand, Denys |e (guión) | ||
| 240 | 1 | 1 | |a [Mis últimos días: invasiones bárbaras] |
| 245 | 1 | 4 | |a Les invasions barbares : |b scénario / |c Guión de D. Arcand. |
| 246 | 2 | |a Título en México: Mis últimos días: invasiones bárbaras | |
| 264 | 4 | |a Montreal, Canadá : |b Boréal, |c 2003, c2003 | |
| 300 | |a 214 p. | ||
| 336 | |a texto |b txt |2 rdacontenido | ||
| 337 | |a sin mediación |b n |2 rdamedio | ||
| 338 | |a volumen |b nc |2 rdasoporte | ||
| 520 | |a Guión cinematográfico del décimo cuarto largometraje dirigido por el cineasta quebequense Denys Arcand, conocido en México como Mis últimos días: invasiones bárbaras (2003) y que supone un reencuentro con el grupo de personajes protagonistas de su novena película larga, La decadencia del imperio americano (1986). Fue precisamente el guión uno de los elementos más aplaudidos y reconocidos de la película, al ser galardonado en el Festival de Cannes y recibir los premios César, Genie, Jutra y de la Asociación de Críticos de Toronto, entre otras distinciones. Es la primera producción quebequense que obtiene el premio César, de la Academia Francesa, a la mejor película y la primera candidata canadiense reconocida con el premio Oscar, de la Academia Norteamericana, a la mejor película en lengua no inglesa. | ||
| 649 | |a XX | ||
| 650 | |a Guiones Cinematográficos - |z Quebec, Canadá - |x Tema Principal | ||
| 650 | |a Guiones Cinematográficos - |z Canadá | ||
| 650 | |a Dramas Cinematográficos | ||
| 650 | |a Cine en Francés - |z Canadá | ||
| 650 | |a Cine Quebequense - |y 2000-2009 | ||
| 650 | |a Cine Quebequense - |y Siglo XXI | ||
| 650 | |a Cine Canadiense - |y 2000-2009 | ||
| 650 | |a Cine Canadiense - |y Siglo XXI | ||
| 910 | |a Fondo General | ||
| 920 | |a Impresos - Libros | ||
| 930 | |a Reserva Especial | ||
| 905 | |a 103 | ||
| 901 | |a 0500094733 |b IT1 |c REE |u 20250521 | ||
| 902 | |a https://opac.biblio.iteso.mx/vufind/Record/000162112 | ||